000 01081cam a2200325 a 4500
008
020 _a0761968571 (pbk.)
049 _aMAIN
090 _aHQ1073.5.G7
_bDEA
245 0 0 _aDeath, dying and bereavement /
_cedited by Donna Dickenson, Malcolm Johnson, and Jeanne Samson Katz.
250 _a2nd ed.
260 _aLondon :
_bSage Publications in association with the Open University,
_c2000.
300 _axii, 388 p. :
_bill. ;
_c24 cm.
440 0 _aOpen University set book.
504 _aIncludes bibliographical references.
500 _aIncludes index.
650 0 _aDeath
_xSocial aspects
_zGreat Britain.
650 0 _aTerminal care
_zGreat Britain.
650 0 _aMedical ethics
_zGreat Britain.
650 0 _aBereavement.
700 1 _aDickenson, Donna.
700 1 _aJohnson, Malcolm Lewis.
700 1 _aKatz, Jeanne.
730 0 _aDeath, dying & bereavement.
907 _a.b10268637
_b20-05-11
_c07-10-09
003
005 20230123124954.0
040 _cNUST
942 _cBOOKS
_kHQ1073.5.G7
_mDEA
999 _c133486
_d133486